000 00366nam a2200121Ia 4500
008 220217s9999||||xx |||||||||||||| ||und||
082 _a621.381 082 7 CHA
100 _aChandrashekaraiah, P.M
245 0 _aElectrical and electronic measurements
260 _aRajeswari publication
_bBangalore
_c2005
300 _b100
650 _aINSTRUMENT AND MEASURMENTATION
999 _c174005
_d174005